U.S. Mountains and Mountain Ranges on a Map - Statistics

General Stats
  • This quiz has been taken 5,995 times
  • The average score is 9 of 26
Answers on the Map
Answers color-coded by a green-red scale on the quiz's map according to % correct below.
 
Answer Stats
Answer % Correct
Rocky Mountains
97%
Appalachian Mountains
92%
Sierra Nevada
77%
Cascade Range
70%
Denali
67%
Mount Rainier
51%
Alaska Range
45%
Mount Whitney
41%
Mauna Kea
40%
Adirondack Mountains
38%
Mount Washington
37%
Mount Hood
33%
Black Hills
31%
Pike's Peak
30%
Grand Teton
26%
Mount Shasta
24%
Brooks Range
21%
Mount Elbert
19%
Mount Mitchell
19%
Sacramento Mountains
16%
Saint Elias Mountains
16%
Mount Saint Elias
14%
Ouachita Mountains
12%
Klamath Mountains
11%
Bighorn Mountains
9%
Granite Peak
8%
No matching quizzes found
Score Distribution
Percent of People with Each Score
Percentile by Number Answered
Your Score History
You have not taken this quiz